000 01042nam a2200301 a 4500
001 000030494
003 DO-SdBNP
005 20250923111605.0
007 ta
008 110518s1977 dr a 000 0 spa d
040 _aDO-SdBNP
_bspa
_cBNPHU
_erda
082 _bL961p
_222
100 1 _aLuna Calderón, Fernando
_920023
_eautor
245 1 0 _aPrimeras evidencias de sífilis en las antillas precolombinas /
_cFernando Luna Calderón.
264 _aSanto Domingo
_bUniversidad Autónoma de Santo Domingo (UASD),
_c1977.
300 _a18 paginas :
_bilustraciones ;
_c21 cm.
336 _2rdacontent
_atexto
_btxt
337 _2rdamedia
_asin mediación
_bn
338 _2rdacarrier
_avolumen
_bnc
490 1 _aPublicaciones de la UASD
_v243
490 1 _aCuadernos del cendia
_vno. 2.
504 _aBibliografía : p. 17-18
590 _aInventariado, 2024 / DG
830 _aPublicaciones de la Universidad Autónoma de Santo Domingo
_v243
_938357
830 0 _aCuadernos del cendia ;
_vno. 2
_955103
910 _aDG
942 _2ddc
_cLF2
999 _c29986
_d29986